000 01076nam a22003137a 4500
001 BRCA_9233
003 FranzMayer
005 20220921135258.0
008 220914b |||||||| |||| 00| 0 eng d
020 _a9686873627
040 _cMFM
_bspa
041 _aspa
050 0 0 _aNA31
_b.M43 1994
100 1 _aMedel, Vicente.
_928566
245 1 0 _aDiccionario mexicano de arquitectura /
_cVicente Medel
260 _aMéxico :
_bInstituto del Fondo Nacional de la Vivienda para los Trabajadores,
_c1994
260 _aMéxico :
_bBanco Inbursa,
_c1994
300 _a395 pp. :
_bil. fot. planos ;
_c22.5 x 28 cm.
500 _aUbicación: L74-N6
504 _aBibliografía: pp. 349-393
655 _aDiccionarios
_xArquitectura
_zMéxico
_928567
700 _aRuiz Massieu, José Francisco
_enotas introductorias
_928568
700 _aWimer, Javier
_enotas introductorias
_93744
700 _aFuentes, Carlos
_epról.
_95026
700 _aSalas, Mario
_efot.
_928569
700 _aYáñez, Martín
_efot.
_928570
942 _2lcc
_cB
999 _c10852
_d10852